| 000 | 00637nam a2200253 a 4500 | ||
|---|---|---|---|
| 001 | adlib96000001 | ||
| 003 | ViArRB | ||
| 005 | 200902210153555.7 | ||
| 008 | 960221s1955 dcuabcdjdbkoqu001 0deng d | ||
| 020 | _a | ||
| 022 | _a | ||
| 040 | _aAdlib | ||
| 082 | _aFM PUR/D | ||
| 245 | _aDaya | ||
| 250 | _a | ||
| 260 |
_aKottayam _bS P C S _c1973 |
||
| 300 |
_a119 p _c |
||
| 500 | _a | ||
| 100 |
_aPurusottaman, P.J _e |
||
| 700 |
_a _a |
||
| 942 | _cBK | ||
| 653 |
_alila _aAlkuttam _aFM _aFiction - Malayalam Literature |
||
| 952 |
_w2010-06-16 _pH0002793 _r2010-06-16 _40 _00 _bUL _10 _oFM PUR/D _d2010-06-16 _70 _yBK _aUL |
||
| 999 |
_c31767 _d31766 |
||